Islamic General Quiz - Statistics

General Stats
  • This quiz has been taken 639 times
  • The average score is 13 of 30
Answer Stats
Hint Answer % Correct
Which country has the highest number of Muslims? Indonesia
68%
Who will return to defeat the dajjal on the Day of Judgement? Prophet Isa AS
68%
How many gates of Jannah? 8
65%
Who was the first Caliph? Abu Bakr
60%
Who was the wife of Ali RA? Fatima RA
59%
Which colour of the cow that was mentioned in the Q.S Al-Baqara? Yellow
59%
What is the 3rd pillar of Islam? Zakat
57%
Who was the mother of Prophet Isa AS? Maryam
53%
The Declaration of Faith is known as what word in Arabic? Shahada
52%
Which battle did Muslims lost during Prophet time? Battle of Uhud
51%
What word is written on the forehead of dajjal? Kaafir
50%
What was the relation between Prophet Musa AS and Prophet Harun AS? Brothers
47%
How many letters in Arabic alphabet? 28
46%
Who was the first muadhin? Bilal ibn Rabah
43%
Which prophet has been mentioned in the Quran as a friend of Allah SWT? Prophet Ibrahim AS
42%
What was the largest city in the world during Islamic golden age? Baghdad
40%
Which angel will blow the horn to signal the Day of Judgement? Israfil
40%
Who was the first murderer? Qabil
40%
Which modern day country formerly known as Abyssinia? Ethiopia
38%
What is the first month in Islamic calendar? Muharram
35%
Which Prophet was known as Israel? Prophet Ya'kub AS
34%
What was the last Caliphate? Ottoman
33%
Which Prophet AS had control of the jinn? Prophet Sulaiman AS
33%
What does 'jihad' literally mean? Struggle
31%
What's the month that follows the holy month of Ramadan? Shawwal
29%
What was the name of the lady who took care of Prophet Musa AS? Asiya
27%
Which Islamic Caliphate had the most land? Umayyad
23%
Which sahaba was mentioned in the Quran? Zayd ibn Harithah
21%
Which month do Muslims celebrate Eid-al-Adha? Dhul-Hijjah
15%
In Jannah, what is Tuba? Tree
12%
No matching quizzes found
Score Distribution
Percent of People with Each Score
Percentile by Number Answered
Your Score History
You have not taken this quiz